| 000 | 00805nab a2200241u 4500 | ||
|---|---|---|---|
| 001 | 10596 | ||
| 003 | HDC | ||
| 007 | c| |||a|c|aaaa | ||
| 008 | 210205b99999999my ||||o |||| 00| 0 eng d | ||
| 040 | _aHDC | ||
| 245 | 0 | _aMalaysia keen to promote and develop Halal industry in Asean region | |
| 336 |
_atext _2rdacontent |
||
| 337 |
_acomputer _2rdamedia |
||
| 338 |
_aonline resource _2rdacarrier |
||
| 650 |
_aexported goods and service _910883 |
||
| 650 |
_aGoods and Services Tax (GST) _99647 |
||
| 650 |
_aWorld Halal Summit _910802 |
||
| 710 | _aHaalal Quest | ||
| 856 | _zRequest full-text at [email protected] | ||
| 942 | _2lcc | ||
| 942 | _cNEWS | ||
| 942 | _kNWS0 000832 | ||
| 999 |
_c7919 _d7919 |
||